[Event "IX Floripa Chess Open Fort Atacadista"]
[Site "Florianópolis - Santa Catari"]
[Date "2023.01.28"]
[Round "9.50"]
[White "Caceres Benitez, Arturo Eduardo"]
[Black "De Souza, Regis Gabetta"]
[Result "1/2-1/2"]
[WhiteElo "1944"]
[BlackElo "2221"]
[PlyCount "75"]
[EventDate "2023.01.23"]
[EventRounds "10"]
[EventCountry "BRA"]

1. e4 e5 2. Nf3 Nc6 3. Bb5 g6 4. d4 exd4 5. Nxd4 Bg7 6. Nxc6 bxc6 7. Bc4 Ne7 8.
Nc3 Bb7 9. O-O O-O 10. Bf4 d6 11. Qd2 c5 12. Rad1 Nc6 13. Bg5 Bf6 14. Bxf6 Qxf6
15. Nd5 Qd8 16. Qh6 Ne5 17. f4 Nxc4 18. f5 Kh8 19. Rd3 f6 20. fxg6 Qd7 21. Rg3
Qg7 22. Qxg7+ Kxg7 23. gxh7+ Kh8 24. Nxf6 Nd2 25. Rf4 Rxf6 26. Rxf6 Nxe4 27.
Rg8+ Rxg8 28. hxg8=Q+ Kxg8 29. Rf1 c4 30. h4 c3 31. bxc3 Nxc3 32. g4 Be4 33.
Kf2 a5 34. Ke3 c5 35. Rf6 d5 36. Kd2 Nxa2 37. Ra6 Nb4 38. Rxa5 1/2-1/2

[Event "IX Floripa Chess Open Fort Atacadista"]
[Site "Florianópolis - Santa Catari"]
[Date "2023.01.28"]
[Round "9.51"]
[White "Fernandez, Maria Florencia"]
[Black "Heinechen, John"]
[Result "1-0"]
[WhiteElo "2181"]
[BlackElo "1935"]
[PlyCount "107"]
[EventDate "2023.01.23"]
[EventRounds "10"]
[EventCountry "BRA"]

1. d4 Nf6 2. c4 c5 3. d5 b5 4. cxb5 a6 5. bxa6 g6 6. Nc3 Bxa6 7. e4 Bxf1 8.
Kxf1 d6 9. Nf3 Bg7 10. g3 O-O 11. Kg2 Nbd7 12. a4 Qb6 13. Qc2 Rfb8 14. Nb5 Ne8
15. Ra3 Nc7 16. Nxc7 Qxc7 17. h4 h5 18. b3 Qa5 19. Bd2 Qa6 20. Bc3 Bxc3 21.
Qxc3 Nf6 22. Re1 Rb4 23. e5 Nxd5 24. Qd2 Qb7 25. e6 Rf8 26. Kg1 Nf4 27. exf7+
Rxf7 28. Re3 Rd4 29. Qc2 Nh3+ 30. Kg2 Rg4 31. Qd1 Nf4+ 32. Kh2 Nd5 33. Rd3 Nb4
34. Rc3 Nc6 35. Ra2 Nd4 36. Nxd4 Rxd4 37. Qc2 Rf5 38. a5 Qd5 39. Re3 Rd1 40.
Qe4 Qxe4 41. Rxe4 e5 42. a6 Rf8 43. a7 Ra8 44. f4 Rd4 45. Rxd4 exd4 46. Kg2 d5
47. Kf3 Kf7 48. Ra6 Kg7 49. Ke2 c4 50. b4 Re8+ 51. Kd1 Ra8 52. b5 d3 53. b6 c3
54. b7 1-0

[Event "IX Floripa Chess Open Fort Atacadista"]
[Site "Florianópolis - Santa Catari"]
[Date "2023.01.28"]
[Round "9.53"]
[White "Kayser, Gustavo Warmling"]
[Black "Pereira, Silvio Cunha"]
[Result "1/2-1/2"]
[WhiteElo "1898"]
[BlackElo "2159"]
[PlyCount "125"]
[EventDate "2023.01.23"]
[EventRounds "10"]
[EventCountry "BRA"]

1. e4 e5 2. Nf3 Nc6 3. Bc4 Bc5 4. d3 d6 5. c3 Qe7 6. h3 Nf6 7. a4 a5 8. Nbd2
O-O 9. O-O Ba7 10. Qb3 Nh5 11. Re1 Nf4 12. Nf1 Qf6 13. Bxf4 Qxf4 14. N1h2 Nd8
15. d4 Ne6 16. Rad1 h5 17. Bxe6 Bxe6 18. Qxb7 Bb6 19. Qc6 Rab8 20. d5 Bxh3 21.
gxh3 Qg3+ 22. Kh1 Bxf2 23. Re2 f5 24. Qc4 fxe4 25. Qxe4 Rf4 26. Qd3 Rbf8 27.
Ng1 Qh4 28. Qg6 R8f6 29. Qg2 e4 30. b4 Kh7 31. Rxe4 Rxe4 32. Ngf3 Rg6 33. Nxh4
Rxg2 34. Nxg2 axb4 35. cxb4 Rxb4 36. Rf1 Bg3 37. Rf7 Rxa4 38. Nf1 Ra1 39. Nge3
Rc1 40. Kg2 Kg6 41. Rd7 Bf4 42. Kf3 Bg5 43. Ke4 Rc3 44. Kf3 Kh7 45. Ke2 Kg8 46.
Kd2 Rc5 47. Kd3 Kf8 48. Nd2 Bxe3 49. Kxe3 Rxd5 50. Rxc7 Re5+ 51. Kd4 g5 52. Ne4
Re7 53. Rc6 Kg7 54. Nxg5 Kg6 55. Nf3 Kf5 56. Rxd6 Kf4 57. Rf6+ Kg3 58. h4 Ra7
59. Ke4 Ra4+ 60. Ke5 Ra5+ 61. Ke6 Ra6+ 62. Kf7 Rxf6+ 63. Kxf6 1/2-1/2

[Event "IX Floripa Chess Open Fort Atacadista"]
[Site "Florianópolis - Santa Catari"]
[Date "2023.01.28"]
[Round "9.54"]
[White "Vargas, Gabriela"]
[Black "Reichert, Thiago Da Cruz"]
[Result "0-1"]
[WhiteElo "2145"]
[BlackElo "1930"]
[PlyCount "94"]
[EventDate "2023.01.23"]
[EventRounds "10"]
[EventCountry "BRA"]

1. d4 Nf6 2. Bg5 e6 3. Nd2 c5 4. e3 h6 5. Bh4 Be7 6. Bd3 O-O 7. c3 b6 8. Bxf6
Bxf6 9. h4 Bb7 10. Ngf3 Re8 11. g4 cxd4 12. cxd4 e5 13. d5 Bxd5 14. Ne4 Be7 15.
g5 h5 16. Kf1 Nc6 17. g6 fxg6 18. Rg1 Bf7 19. Neg5 Bxg5 20. Nxg5 e4 21. Nxf7
Kxf7 22. Bxe4 Re5 23. Bxg6+ Kg8 24. Qf3 Qe7 25. Rg5 Rxg5 26. hxg5 Qxg5 27. Rd1
Qxg6 28. Rxd7 Rf8 29. Qd5+ Kh7 30. Rd6 Rf6 31. Rxf6 Qxf6 32. Qxh5+ Qh6 33. Qf5+
Qg6 34. Qh3+ Kg8 35. Qc8+ Kf7 36. Qd7+ Ne7 37. Qxa7 Qb1+ 38. Kg2 Qxb2 39. a4
Qb3 40. e4 Qb4 41. f3 Qd4 42. Qc7 g5 43. Qb7 Qd6 44. Kf2 Kf6 45. Ke2 Ng6 46.
Qc8 Nf4+ 47. Ke1 Qb4+ 0-1

[Event "IX Floripa Chess Open Fort Atacadista"]
[Site "Florianópolis - Santa Catari"]
[Date "2023.01.28"]
[Round "9.55"]
[White "Cerrato, Alex"]
[Black "Burgos, Marcelo Alves"]
[Result "0-1"]
[WhiteElo "1915"]
[BlackElo "2143"]
[PlyCount "110"]
[EventDate "2023.01.23"]
[EventRounds "10"]
[EventCountry "BRA"]

1. d4 Nf6 2. Nc3 d5 3. Bf4 c5 4. e3 cxd4 5. exd4 a6 6. Bd3 Nc6 7. Nf3 Bg4 8.
Ne2 Bxf3 9. gxf3 e6 10. c3 Bd6 11. Qd2 Nh5 12. Be3 Qc7 13. f4 g6 14. Bc2 Na5
15. b3 Rc8 16. Bd3 Nc6 17. Rc1 O-O 18. f3 b5 19. Kf2 Qd8 20. h4 Ne7 21. Rcg1
Nf5 22. Bxf5 exf5 23. Ng3 Nxg3 24. Rxg3 h5 25. Qd3 Kh7 26. Rg5 Qf6 27. Rc1 Qe6
28. Rg2 Be7 29. Kg3 Bf6 30. Re2 Rfe8 31. Rce1 Qd6 32. Bf2 Rxe2 33. Rxe2 Qd8 34.
Kh3 Qc7 35. Rc2 Bg7 36. Be3 Re8 37. Re2 Bh6 38. Kg3 Qe7 39. c4 bxc4 40. bxc4
Bxf4+ 41. Bxf4 Qxe2 42. Qxe2 Rxe2 43. cxd5 Kg7 44. a3 Kf8 45. Bd6+ Ke8 46. Bc5
Kd7 47. Kf4 f6 48. Bb4 Rh2 49. Kg3 Rh1 50. f4 Rg1+ 51. Kf3 Rg4 52. Be1 Kd6 53.
Bf2 Kxd5 54. Ke3 Rg2 55. Kf3 Rxf2+ 0-1

[Event "IX Floripa Chess Open Fort Atacadista"]
[Site "Florianópolis - Santa Catari"]
[Date "2023.01.28"]
[Round "9.56"]
[White "Dominguez, Facundo"]
[Black "Cavalcante, Adriano Nunes"]
[Result "1/2-1/2"]
[WhiteElo "2132"]
[BlackElo "1909"]
[PlyCount "103"]
[EventDate "2023.01.23"]
[EventRounds "10"]
[EventCountry "BRA"]

1. e4 c5 2. Nf3 d6 3. Bb5+ Bd7 4. Bxd7+ Nxd7 5. c4 Ngf6 6. Nc3 g6 7. d4 cxd4 8.
Nxd4 Bg7 9. O-O O-O 10. b3 a6 11. Be3 Rc8 12. Rc1 Qa5 13. Qe2 Nc5 14. Nd5 Nxd5
15. exd5 Rfe8 16. Rfe1 Nd7 17. Rb1 Qc7 18. Rec1 Ne5 19. Rc2 Qd7 20. h3 Qd8 21.
b4 e6 22. dxe6 fxe6 23. a4 Nc6 24. Nxc6 Rxc6 25. c5 dxc5 26. Bxc5 Bf8 27. Rd2
Qc8 28. Bxf8 Rxf8 29. Rbd1 Rc1 30. b5 axb5 31. axb5 Rxd1+ 32. Rxd1 Rf7 33. Qe3
Qc4 34. Rd8+ Rf8 35. Rxf8+ Kxf8 36. Qf3+ Ke8 37. Qxb7 Qc1+ 38. Kh2 Qf4+ 39. g3
Qxf2+ 40. Qg2 Qb6 41. Qb2 Kd7 42. Kg2 Qb7+ 43. Kf2 Qb6+ 44. Kf3 Qb7+ 45. Ke3
Qh1 46. Qd4+ Ke7 47. Qc5+ Kd7 48. Qa7+ Kd6 49. Qb8+ Kd7 50. b6 Qc1+ 51. Ke4
Qc4+ 52. Ke3 1/2-1/2

[Event "IX Floripa Chess Open Fort Atacadista"]
[Site "Florianópolis - Santa Catari"]
[Date "2023.01.28"]
[Round "9.57"]
[White "Cruz, Natan Gomes"]
[Black "Do Nascimento, Christian Almeida"]
[Result "0-1"]
[WhiteElo "1891"]
[BlackElo "2097"]
[PlyCount "110"]
[EventDate "2023.01.23"]
[EventRounds "10"]
[EventCountry "BRA"]

1. d4 d5 2. Nf3 Nf6 3. Bg5 Ne4 4. Bf4 e6 5. e3 Bd6 6. Bg3 O-O 7. Bd3 f5 8. Nbd2
Nd7 9. c3 Ndf6 10. Qe2 Bd7 11. a3 Be8 12. c4 Nxg3 13. hxg3 c6 14. Ng5 Qe7 15.
cxd5 cxd5 16. Rc1 h6 17. Ngf3 Bh5 18. Qd1 Rac8 19. Rc2 Rc7 20. O-O Rfc8 21. Qb1
Rxc2 22. Bxc2 Qc7 23. Bd3 Ne4 24. Qe1 Qb6 25. Qb1 Qc7 26. Qe1 Kh7 27. Qd1 Bg4
28. Qa1 a6 29. Bxe4 fxe4 30. Nh2 Be2 31. Re1 Bb5 32. Qd1 Qc2 33. b4 Qxd1 34.
Rxd1 Rc2 35. Nhf1 Ba4 36. Ra1 e5 37. Re1 Bb5 38. Nb3 b6 39. Nfd2 Ba4 40. Rb1
exd4 41. exd4 Rc3 42. Kf1 e3 43. fxe3 Rxe3 44. g4 Bf4 45. Kf2 Rc3 46. Rb2 Kg6
47. Ke2 Kg5 48. Nf3+ Kxg4 49. Nbd2 Rxa3 50. Nb1 Bb5+ 51. Kf2 Be3+ 52. Ke1 Ra1
53. Rb3 Kf4 54. Nh4 Bc4 55. g3+ Ke4 0-1

[Event "IX Floripa Chess Open Fort Atacadista"]
[Site "Florianópolis - Santa Catari"]
[Date "2023.01.28"]
[Round "9.58"]
[White "Heredia Serrano, Carla"]
[Black "Ribeiro, Fabiano Pinto"]
[Result "1-0"]
[WhiteElo "2093"]
[BlackElo "1865"]
[PlyCount "63"]
[EventDate "2023.01.23"]
[EventRounds "10"]
[EventCountry "BRA"]

1. e4 c5 2. Nf3 d6 3. d4 cxd4 4. Nxd4 Nf6 5. Nc3 a6 6. Qe2 e5 7. Nf5 g6 8. Ne3
Be6 9. g3 Nc6 10. Bg2 Nd4 11. Qd1 Be7 12. O-O h5 13. Ncd5 Nxd5 14. Nxd5 Bxd5
15. exd5 h4 16. Be3 Nf5 17. Qd2 hxg3 18. hxg3 Bh4 19. gxh4 Qxh4 20. Rfe1 Qh2+
21. Kf1 Nh4 22. f3 Nf5 23. Bf2 Ke7 24. Re4 Rh5 25. Rae1 Rah8 26. Rg4 Kf6 27.
Bg1 Ng3+ 28. Kf2 Nh1+ 29. Ke3 Qf4+ 30. Rxf4+ exf4+ 31. Kd3 Rxd5+ 32. Bd4+ 1-0

[Event "IX Floripa Chess Open Fort Atacadista"]
[Site "Florianópolis - Santa Catari"]
[Date "2023.01.28"]
[Round "9.59"]
[White "Felix, Raimundo Nascimento"]
[Black "Perez, Hernan"]
[Result "0-1"]
[WhiteElo "1848"]
[BlackElo "2081"]
[PlyCount "74"]
[EventDate "2023.01.23"]
[EventRounds "10"]
[EventCountry "BRA"]

1. c4 c5 2. Nc3 Nc6 3. g3 g6 4. Bg2 Bg7 5. Nf3 e5 6. d3 Nge7 7. a3 a5 8. Rb1 d6
9. O-O O-O 10. b4 axb4 11. axb4 Nxb4 12. Ng5 h6 13. Nge4 f5 14. Nd2 e4 15. Bb2
exd3 16. Nb5 Bxb2 17. Rxb2 Nec6 18. exd3 Nxd3 19. Rb3 Nde5 20. f4 Nf7 21. Bd5
Nb4 22. Rxb4 cxb4 23. Kg2 Re8 24. Re1 Re7 25. Nf3 Rxe1 26. Nxe1 Qe7 27. Nxd6
Be6 28. Nxf7 Qxf7 29. Nf3 Rd8 30. Qe2 Bxd5 31. cxd5 Qxd5 32. Kh3 b3 33. Ne5 Ra8
34. Nxg6 Ra2 35. Qe8+ Kh7 36. g4 b2 37. g5 Qb3+ 0-1

[Event "IX Floripa Chess Open Fort Atacadista"]
[Site "Florianópolis - Santa Catari"]
[Date "2023.01.28"]
[Round "9.60"]
[White "Madeira, Wagner Martins"]
[Black "Cristino, Felipe Borges"]
[Result "1-0"]
[WhiteElo "2080"]
[BlackElo "1893"]
[PlyCount "71"]
[EventDate "2023.01.23"]
[EventRounds "10"]
[EventCountry "BRA"]

1. e4 c5 2. Nf3 Nc6 3. c3 Nf6 4. e5 Nd5 5. d4 d6 6. exd6 exd6 7. c4 Nf6 8. dxc5
dxc5 9. Qxd8+ Nxd8 10. Nc3 a6 11. Bg5 Be7 12. Bxf6 Bxf6 13. Nd5 O-O 14. O-O-O
Be6 15. Nxf6+ gxf6 16. Nd2 Kg7 17. Ne4 Rc8 18. Ng3 Nc6 19. Nh5+ Kg6 20. Nf4+
Kg7 21. Bd3 Ne5 22. Nxe6+ fxe6 23. f4 Ng6 24. Bxg6 hxg6 25. Rd6 Rce8 26. Re1 e5
27. Rd7+ Rf7 28. Rxf7+ Kxf7 29. fxe5 fxe5 30. Re3 Ke6 31. Rb3 Re7 32. Kd2 Kf5
33. Ke3 Rh7 34. h3 Rh4 35. g4+ Kg5 36. Ke4 1-0

[Event "IX Floripa Chess Open Fort Atacadista"]
[Site "Florianópolis - Santa Catari"]
[Date "2023.01.28"]
[Round "9.61"]
[White "Cantero, Rodolfo"]
[Black "Cardozo, Matheus Santos"]
[Result "1-0"]
[WhiteElo "2070"]
[BlackElo "1856"]
[PlyCount "45"]
[EventDate "2023.01.23"]
[EventRounds "10"]
[EventCountry "BRA"]

1. e4 c6 2. d4 d5 3. Nc3 dxe4 4. Nxe4 Nd7 5. Ng5 Ngf6 6. Bd3 e6 7. N1f3 Bd6 8.
Qe2 Qe7 9. O-O h6 10. Ne4 Nxe4 11. Qxe4 Nf6 12. Qh4 Bd7 13. Ne5 O-O-O 14. b4 g5
15. Qh3 Rdg8 16. c4 Bxb4 17. Rb1 Bd6 18. Be2 c5 19. Qa3 Bb8 20. Bf3 b6 21. Qa6+
Kd8 22. Qb7 Bc7 23. Qa8+ 1-0

[Event "IX Floripa Chess Open Fort Atacadista"]
[Site "Florianópolis - Santa Catari"]
[Date "2023.01.28"]
[Round "9.62"]
[White "Mazetto, Sergio Luiz"]
[Black "Weise, William Ferreira"]
[Result "1-0"]
[WhiteElo "2065"]
[BlackElo "1856"]
[PlyCount "129"]
[EventDate "2023.01.23"]
[EventRounds "10"]
[EventCountry "BRA"]

1. d4 Nf6 2. Bg5 d5 3. e3 Bf5 4. Bxf6 exf6 5. Bd3 Be6 6. Nd2 Nd7 7. Ngf3 c6 8.
a3 Bd6 9. c4 dxc4 10. Bxc4 Nb6 11. Bxe6 fxe6 12. O-O Qd7 13. Rc1 O-O 14. Ne4 f5
15. Nc5 Bxc5 16. Rxc5 Qe7 17. b4 Nd7 18. Rc1 g5 19. Qb3 g4 20. Ne5 Nxe5 21.
dxe5 Rad8 22. Rcd1 a6 23. Qc4 Rd5 24. Qf4 Rfd8 25. Rd4 Qg7 26. Rfd1 Kf7 27.
Rxd5 Rxd5 28. Rxd5 exd5 29. Qxf5+ Ke7 30. Qc8 Qxe5 31. Qxb7+ Kf8 32. Qxa6 Qa1+
33. Qf1 Qxa3 34. Qb1 Qa6 35. Qf5+ Ke8 36. h3 gxh3 37. gxh3 Qc4 38. Qg4 Qc2 39.
h4 Kd8 40. Kg2 Kc7 41. Qd4 Qg6+ 42. Kf3 Kb7 43. Ke2 Qc2+ 44. Kf1 Qb1+ 45. Kg2
Qg6+ 46. Kh3 h5 47. Qf4 Ka6 48. Qg5 Qe6+ 49. Kh2 Qd6+ 50. f4 Qxb4 51. f5 Qe1
52. Qg3 Qf1 53. Qf4 Qe2+ 54. Kg3 Qd1 55. Qf3 Qg1+ 56. Kh3 Qg7 57. Qxh5 Qe7 58.
Qg5 Qd7 59. h5 c5 60. h6 Ka5 61. Kg4 Qe8 62. h7 c4 63. Qh6 Qe4+ 64. Qf4 Qe8 65.
Qd4 1-0

[Event "IX Floripa Chess Open Fort Atacadista"]
[Site "Florianópolis - Santa Catari"]
[Date "2023.01.28"]
[Round "9.63"]
[White "Fraga, Heitor Carneiro"]
[Black "Martins, Anderson Donay"]
[Result "0-1"]
[WhiteElo "1556"]
[BlackElo "2058"]
[PlyCount "100"]
[EventDate "2023.01.23"]
[EventRounds "10"]
[EventCountry "BRA"]

1. e4 Nf6 2. e5 Nd5 3. Nf3 d6 4. exd6 exd6 5. c4 Nb6 6. d4 Bg4 7. Be2 Be7 8.
Be3 Nc6 9. Nbd2 Bf6 10. O-O O-O 11. Rb1 Re8 12. Re1 Ne7 13. Bd3 Nf5 14. Qc2 g6
15. h3 Nxe3 16. fxe3 Bxf3 17. Nxf3 c5 18. b3 Re7 19. e4 cxd4 20. Qf2 Qf8 21.
Nxd4 Qg7 22. Ne2 Nd7 23. Kh1 Nc5 24. Qf3 Be5 25. Bc2 Rae8 26. Nf4 Bxf4 27. Qxf4
Qe5 28. Qf3 Ne6 29. Rbd1 Ng7 30. Rd5 Qb2 31. Bb1 f5 32. Rf1 fxe4 33. Bxe4 Ne6
34. Qf2 Qxf2 35. Rxf2 Nc7 36. Bf3 Nxd5 37. Bxd5+ Kg7 38. Kh2 Rf8 39. Kg3 Rxf2
40. Kxf2 Kf6 41. Kf3 b6 42. Be4 Ke5 43. Ke3 g5 44. Bf3 a5 45. Kd3 Rf7 46. Ke3
Rf4 47. a3 a4 48. Bd1 Re4+ 49. Kf3 Rd4 50. Bc2 axb3 0-1

[Event "IX Floripa Chess Open Fort Atacadista"]
[Site "Florianópolis - Santa Catari"]
[Date "2023.01.28"]
[Round "9.64"]
[White "Oliveira, Tiago Batista"]
[Black "Moyses Sobrinho, Elias"]
[Result "0-1"]
[WhiteElo "2047"]
[BlackElo "1852"]
[PlyCount "68"]
[EventDate "2023.01.23"]
[EventRounds "10"]
[EventCountry "BRA"]

1. d4 d5 2. c4 c6 3. g3 dxc4 4. Bg2 e6 5. Nf3 Nf6 6. O-O Be7 7. Qc2 b5 8. Nbd2
Bb7 9. Rd1 O-O 10. e4 Nbd7 11. e5 Nd5 12. Ne4 h6 13. a3 c5 14. g4 cxd4 15. Rxd4
Nc5 16. Nxc5 Bxc5 17. Rd1 f6 18. Bf4 Qb6 19. Bg3 f5 20. g5 h5 21. Nh4 Rad8 22.
Ng6 f4 23. Nxf8 Rxf8 24. Qg6 fxg3 25. Be4 Rxf2 26. Qh7+ Kf8 27. hxg3 Ke7 28.
Kh1 Qd8 29. Qxg7+ Rf7 30. Qh6 Qa8 31. Kh2 Ne3 32. Qxh5 Bxe4 33. Rd7+ Kxd7 34.
Qxf7+ Be7 0-1

[Event "IX Floripa Chess Open Fort Atacadista"]
[Site "Florianópolis - Santa Catari"]
[Date "2023.01.28"]
[Round "9.65"]
[White "Souza Dos Santos, Matheus Garcett"]
[Black "Da Silva, Lucas Pereira Mende"]
[Result "1-0"]
[WhiteElo "2041"]
[BlackElo "1838"]
[PlyCount "79"]
[EventDate "2023.01.23"]
[EventRounds "10"]
[EventCountry "BRA"]

1. e4 d6 2. d4 Nf6 3. Nc3 g6 4. f4 Bg7 5. Nf3 O-O 6. e5 Ng4 7. Ng5 dxe5 8. fxe5
Nc6 9. Nf3 f6 10. Bc4+ e6 11. h3 Nh6 12. exf6 Qxf6 13. Bg5 Qf5 14. O-O Nxd4 15.
Be7 Nxf3+ 16. Rxf3 Qe5 17. Bxf8 Bxf8 18. Qe2 Qxe2 19. Nxe2 Bd7 20. Rd1 Bd6 21.
Nf4 Re8 22. Re1 Nf5 23. c3 Kh8 24. b4 e5 25. Nd5 Kg7 26. Ne3 e4 27. Rff1 Re7
28. Nd5 Re5 29. a3 Be6 30. Rd1 Bxd5 31. Rxd5 Rxd5 32. Bxd5 Ne3 33. Rf7+ Kg8 34.
Bb3 Kh8 35. g4 g5 36. Kf2 Bf4 37. Re7 c6 38. Rxe4 Nd5 39. Bxd5 cxd5 40. Rxf4
1-0

[Event "IX Floripa Chess Open Fort Atacadista"]
[Site "Florianópolis - Santa Catari"]
[Date "2023.01.28"]
[Round "9.66"]
[White "Raimundo, Airton Carlos Nunes"]
[Black "Ferreira, Gabriel Duque"]
[Result "0-1"]
[WhiteElo "2023"]
[BlackElo "1848"]
[PlyCount "66"]
[EventDate "2023.01.23"]
[EventRounds "10"]
[EventCountry "BRA"]

1. e4 c5 2. Nc3 Nc6 3. g3 e5 4. Bg2 Nf6 5. d3 h6 6. f4 d6 7. Nf3 Be7 8. O-O O-O
9. Ne2 b5 10. a4 b4 11. c4 bxc3 12. bxc3 Rb8 13. c4 Bg4 14. f5 Bxf3 15. Bxf3
Nd4 16. Nc3 Qd7 17. g4 Nh7 18. Be3 Bg5 19. Bf2 Rb2 20. Bg2 Rfb8 21. Be1 Nc2 22.
Nd5 Nf6 23. Nxf6+ gxf6 24. Qf3 Nxa1 25. Bc3 Rb1 26. Bxa1 Qxa4 27. Bc3 Rxf1+ 28.
Bxf1 Qc2 29. Be1 Rb2 30. Qh3 a5 31. Qg2 Qxg2+ 32. Bxg2 Rb1 33. Kf2 Bh4+ 0-1

[Event "IX Floripa Chess Open Fort Atacadista"]
[Site "Florianópolis - Santa Catari"]
[Date "2023.01.28"]
[Round "9.67"]
[White "Ibanez, Marcelo"]
[Black "Eger, Laura Luisa"]
[Result "0-1"]
[WhiteElo "2014"]
[BlackElo "1800"]
[PlyCount "64"]
[EventDate "2023.01.23"]
[EventRounds "10"]
[EventCountry "BRA"]

1. e4 e5 2. Nf3 Nc6 3. Bc4 Bc5 4. O-O Nf6 5. Re1 d6 6. c3 a6 7. h3 Ba7 8. a4
O-O 9. d3 h6 10. Nbd2 Be6 11. b4 Nh7 12. Qb3 Qf6 13. Bxe6 fxe6 14. b5 axb5 15.
axb5 Bxf2+ 16. Kxf2 Rxa1 17. bxc6 bxc6 18. Nf1 c5 19. N1h2 Rfa8 20. Ng4 Qe7 21.
Kg3 Nf6 22. Ne3 Nh5+ 23. Kh2 Nf4 24. Nf5 Qf7 25. Bxf4 exf4 26. Rxa1 Rxa1 27.
Qb8+ Kh7 28. N3h4 exf5 29. Nxf5 Re1 30. d4 cxd4 31. cxd4 Rxe4 32. Qb5 d5 0-1

[Event "IX Floripa Chess Open Fort Atacadista"]
[Site "Florianópolis - Santa Catari"]
[Date "2023.01.28"]
[Round "9.68"]
[White "De Paula, Luan Araujo"]
[Black "De Oliveira, Aquiles Machado"]
[Result "0-1"]
[WhiteElo "1747"]
[BlackElo "2013"]
[PlyCount "116"]
[EventDate "2023.01.23"]
[EventRounds "10"]
[EventCountry "BRA"]

1. e4 d6 2. d4 Nf6 3. Nc3 g6 4. f4 Bg7 5. Nf3 O-O 6. e5 dxe5 7. fxe5 Nd5 8. Ne4
f6 9. Bc4 Nc6 10. O-O Kh8 11. c3 Bf5 12. exf6 exf6 13. Ng3 Be6 14. Re1 Nxc3 15.
Qb3 Bxc4 16. Qxc4 Nd5 17. Ne4 Nb6 18. Qc2 Nxd4 19. Nxd4 Qxd4+ 20. Be3 Qc4 21.
Rac1 Qxc2 22. Rxc2 Nd5 23. Bf2 Rfe8 24. Rd1 c6 25. Nc5 Re7 26. a3 Bh6 27. b4
Rae8 28. b5 Be3 29. bxc6 Bxf2+ 30. Rxf2 Re1+ 31. Rf1 Rxf1+ 32. Rxf1 bxc6 33.
Rb1 Nb6 34. Rd1 Re5 35. Nb7 Kg7 36. Rd6 c5 37. Rc6 c4 38. a4 Re7 39. Nd6 Nxa4
40. Rxc4 Nb6 41. Rc6 f5 42. Nb5 Nd7 43. Nxa7 Ne5 44. Ra6 Ng4 45. Ra1 Re2 46.
Nb5 Ne3 47. Kh1 Nxg2 48. Nd4 Rd2 49. Nxf5+ gxf5 50. Rg1 Kf6 51. Rxg2 Rxg2 52.
Kxg2 Ke5 53. Kf1 Kf4 54. Kf2 h6 55. Kg2 Ke3 56. Kf1 Kf3 57. h3 h5 58. Kg1 Ke2
0-1

[Event "IX Floripa Chess Open Fort Atacadista"]
[Site "Florianópolis - Santa Catari"]
[Date "2023.01.28"]
[Round "9.69"]
[White "Goncalves, Nata"]
[Black "Da Silva, Daniel Pereira"]
[Result "1/2-1/2"]
[WhiteElo "2013"]
[BlackElo "1775"]
[PlyCount "92"]
[EventDate "2023.01.23"]
[EventRounds "10"]
[EventCountry "BRA"]

1. d4 Nf6 2. c4 e6 3. Nf3 d5 4. Nc3 Nbd7 5. Bf4 c6 6. e3 Be7 7. h3 O-O 8. Bd3
dxc4 9. Bxc4 b5 10. Bd3 a6 11. a4 Bb7 12. O-O b4 13. Ne4 Nxe4 14. Bxe4 Nf6 15.
Bc2 c5 16. dxc5 Bxc5 17. Qe2 Rc8 18. Rfd1 Qe7 19. a5 Bxf3 20. gxf3 Nd5 21. Bg3
f5 22. Bb3 Qb7 23. Be5 Kh8 24. f4 Rcd8 25. Bc4 Ra8 26. Qf3 Rfd8 27. Kh2 Qf7 28.
Rd2 Nf6 29. Rad1 Be7 30. Rxd8+ Rxd8 31. Rxd8+ Bxd8 32. Qa8 Qd7 33. Bxf6 gxf6
34. Qxa6 e5 35. Qa8 exf4 36. exf4 Qd4 37. Kg2 Kg7 38. Qb7+ Kh6 39. Qf7 Qe4+ 40.
Kg3 Be7 41. Bb5 Qe1 42. Be8 Qg1+ 43. Kf3 Qh1+ 44. Ke2 Qe4+ 45. Kf1 Qh1+ 46. Ke2
Qe4+ 1/2-1/2

[Event "IX Floripa Chess Open Fort Atacadista"]
[Site "Florianópolis - Santa Catari"]
[Date "2023.01.28"]
[Round "9.70"]
[White "Ferreira, Andrei Dias"]
[Black "Parijos De Melo, Luiz Claudio"]
[Result "1/2-1/2"]
[WhiteElo "2011"]
[BlackElo "1737"]
[PlyCount "52"]
[EventDate "2023.01.23"]
[EventRounds "10"]
[EventCountry "BRA"]

1. e4 c5 2. Nf3 e6 3. d4 cxd4 4. Nxd4 Nf6 5. Nc3 Nc6 6. Nxc6 bxc6 7. Bd3 Bb4 8.
e5 Nd5 9. Qg4 Bf8 10. Nxd5 cxd5 11. O-O Qc7 12. f4 Ba6 13. Qe2 Bxd3 14. cxd3
Bc5+ 15. Kh1 Rb8 16. Rb1 O-O 17. b3 d6 18. Bb2 dxe5 19. fxe5 Qa5 20. Rfc1 Rfc8
21. Rc2 Qd8 22. Rbc1 Be7 23. Bd4 Rxc2 24. Rxc2 a5 25. h3 h6 26. Rc6 Bb4 1/2-1/2

[Event "IX Floripa Chess Open Fort Atacadista"]
[Site "Florianópolis - Santa Catari"]
[Date "2023.01.28"]
[Round "9.71"]
[White "Ramirez, Maria Eugenia"]
[Black "Silva, Gabryel Lunardi Car"]
[Result "0-1"]
[WhiteElo "2007"]
[BlackElo "1697"]
[PlyCount "104"]
[EventDate "2023.01.23"]
[EventRounds "10"]
[EventCountry "BRA"]

1. c4 Nf6 2. Nc3 g6 3. e4 d6 4. d4 Bg7 5. Nf3 O-O 6. Be2 e5 7. O-O Nc6 8. Be3
Ng4 9. Bg5 f6 10. Bc1 Nh6 11. h3 Nxd4 12. Nxd4 exd4 13. Qxd4 f5 14. Qd3 fxe4
15. Nxe4 Be6 16. Bf3 Nf7 17. Be2 c6 18. Rd1 Bf5 19. g4 Bxe4 20. Qxe4 Qh4 21.
Qg2 Rae8 22. Bf1 c5 23. Bf4 Bd4 24. Bg3 Qe7 25. Qd5 Kg7 26. Bg2 b6 27. Rab1 Qf6
28. Rd2 Re7 29. Rbd1 Ne5 30. Rxd4 cxd4 31. Rxd4 Nf3+ 32. Bxf3 Qxf3 33. Qxf3
Rxf3 34. Rxd6 Rf6 35. Rd5 Rfe6 36. g5 Re2 37. a3 Rc2 38. b3 Kf7 39. Be5 Rc1+
40. Kg2 Ke6 41. Bf6 Rd7 42. Re5+ Kf7 43. Re3 Rcd1 44. Re5 R1d3 45. Rb5 Rc7 46.
Rb4 Rc5 47. f4 Ke6 48. Be5 Kd7 49. Bb8 Rc6 50. a4 Kc8 51. c5 Rxc5 52. Bxa7 Rc2+
0-1

[Event "IX Floripa Chess Open Fort Atacadista"]
[Site "Florianópolis - Santa Catari"]
[Date "2023.01.28"]
[Round "9.72"]
[White "Ramazzotte, Adriano"]
[Black "Segato, Pedro Henrique Pedr"]
[Result "0-1"]
[WhiteElo "1490"]
[BlackElo "1999"]
[PlyCount "43"]
[EventDate "2023.01.23"]
[EventRounds "10"]
[EventCountry "BRA"]

1. d4 Nf6 2. c4 e6 3. Nf3 b6 4. Bg5 h6 5. Bh4 Bb4+ 6. Nc3 Bb7 7. e3 Bxc3+ 8.
bxc3 O-O 9. a3 g5 10. Bg3 Ne4 11. Qc2 f5 12. Bd3 d6 13. Nd2 Nxd2 14. Qxd2 Bxg2
15. Rg1 Bf3 16. Be2 Bxe2 17. Qxe2 Kh7 18. Qf3 Nd7 19. e4 Qf6 20. h3 e5 21. Qd3
Rae8 22. O-O-O 0-1

[Event "IX Floripa Chess Open Fort Atacadista"]
[Site "Florianópolis - Santa Catari"]
[Date "2023.01.28"]
[Round "9.73"]
[White "Benitez, Andres"]
[Black "Monteiro, Daniel Zotelli"]
[Result "1/2-1/2"]
[WhiteElo "1980"]
[BlackElo "1642"]
[PlyCount "92"]
[EventDate "2023.01.23"]
[EventRounds "10"]
[EventCountry "BRA"]

1. e4 e5 2. Nf3 Nc6 3. Bb5 a6 4. Ba4 Nf6 5. O-O b5 6. Bb3 Be7 7. Re1 d6 8. c3
O-O 9. h3 Re8 10. d4 h6 11. Nbd2 Bf8 12. Nf1 Na5 13. Bc2 Bb7 14. Ng3 g6 15. a4
Nc6 16. Bb3 Na5 17. Bc2 Nc6 18. d5 Nb8 19. b3 Nbd7 20. Be3 c6 21. c4 bxc4 22.
bxc4 c5 23. Qd2 Kh7 24. a5 Qe7 25. Ba4 Reb8 26. Rab1 Qd8 27. Rb2 Qc7 28. Reb1
Bc8 29. Qc3 Be7 30. Bd2 Rxb2 31. Rxb2 Rb8 32. Ne1 Rxb2 33. Qxb2 Qb8 34. Qc1 Ng8
35. Qc2 Bf6 36. Nd3 h5 37. Ne2 Bg7 38. Ne1 f6 39. g4 hxg4 40. hxg4 Nf8 41. f3
g5 42. Kf2 Kg6 43. Ng2 Kf7 44. Qb3 Qxb3 45. Bxb3 Bd7 46. Nc3 Ke8 1/2-1/2